Rajkapoor films: harmony of discources (Record no. 62465)

MARC details
000 -LEADER
fixed length control field 00354nam a2200145Ia 4500
008 - FIXED-LENGTH DATA ELEMENTS--GENERAL INFORMATION
fixed length control field 230917s9999||||xx |||||||||||||| ||und||
040 ## - CATALOGING SOURCE
-- 156480
Original cataloging agency VIVEKANANDA LIBRARY
041 ## - Language
-- English
082 ## - DDC NUMBER
Classification number 791.430954 D632R
100 ## - MAIN ENTRY--PERSONAL NAME
Personal name Sahai
245 #0 - TITLE STATEMENT
Title Rajkapoor films: harmony of discources
260 ## - PUBLICATION, DISTRIBUTION, ETC. (IMPRINT)
Name of publisher, distributor, etc Vikas Publications
Date of publication, distribution, etc 1988
300 ## - PHYSICAL DESCRIPTION
Pages 178 p.
942 ## - ADDED ENTRY ELEMENTS (KOHA)
Koha item type Books
Holdings
Withdrawn status Lost status Damaged status Not for loan Location (home branch) Sublocation or collection (holding branch) Date acquired Koha issues (times borrowed) Koha full call number Accession No. Koha date last seen Koha item type
        VIVEKANANDA LIBRARY VIVEKANANDA LIBRARY 20/05/2010   791.430954 D632R 134150 17/09/2023 Books
© Designed and Maintained by Vivekananda Library, MDU Rohtak